000 00458pab a2200157 454500
008 180718b2000 xxu||||| |||| 00| 0 eng d
100 _aAnnamalai, V.
245 _aMobilisation of resources by gram panchayats through common property resources in Haryana
260 _c2000
300 _ap.119-30
362 _aJan-Mar
650 _aNatural resources - India - Haryana
650 _aPanchayat
773 _aJournal of Rural Development
909 _a44746
999 _c44746
_d44746